<?xml version="1.0" encoding="UTF-8"?>
<record
    xmlns:xsi="http://www.w3.org/2001/XMLSchema-instance"
    xsi:schemaLocation="http://www.loc.gov/MARC21/slim http://www.loc.gov/standards/marcxml/schema/MARC21slim.xsd"
    xmlns="http://www.loc.gov/MARC21/slim">

  <leader>03314njm a2200565 i 4500</leader>
  <controlfield tag="001">197751</controlfield>
  <controlfield tag="003">ES-MaACL</controlfield>
  <controlfield tag="005">20250903063115.0</controlfield>
  <controlfield tag="007">sd*fsngnnmmned</controlfield>
  <controlfield tag="008">121121s2012    sp sgn   d          spa  </controlfield>
  <datafield tag="015" ind1=" " ind2=" ">
    <subfield code="a">SON12</subfield>
  </datafield>
  <datafield tag="017" ind1=" " ind2=" ">
    <subfield code="a">M 10673-2012</subfield>
    <subfield code="b">Oficina Dep&#xF3;sito Legal Madrid</subfield>
  </datafield>
  <datafield tag="035" ind1=" " ind2=" ">
    <subfield code="a">(OCoLC)828331859</subfield>
  </datafield>
  <datafield tag="035" ind1=" " ind2=" ">
    <subfield code="a">(SpMaBN)a5285950</subfield>
  </datafield>
  <datafield tag="040" ind1=" " ind2=" ">
    <subfield code="a">SpMaBN</subfield>
    <subfield code="b">spa</subfield>
    <subfield code="c">SpMaBN</subfield>
    <subfield code="e">rdc</subfield>
  </datafield>
  <datafield tag="047" ind1=" " ind2=" ">
    <subfield code="a">sg</subfield>
    <subfield code="a">ct</subfield>
  </datafield>
  <datafield tag="084" ind1=" " ind2=" ">
    <subfield code="a">3.1</subfield>
    <subfield code="2">MU</subfield>
  </datafield>
  <datafield tag="084" ind1=" " ind2=" ">
    <subfield code="a">3.2.1</subfield>
    <subfield code="2">MU</subfield>
  </datafield>
  <datafield tag="100" ind1="1" ind2=" ">
    <subfield code="a">Mu&#xF1;iz Salas, Jorge, </subfield>
    <subfield code="d">1974-</subfield>
    <subfield code="9">241330</subfield>
  </datafield>
  <datafield tag="245" ind1="1" ind2="0">
    <subfield code="a">Oda a Jovellanos : </subfield>
    <subfield code="b">cantata / </subfield>
    <subfield code="c">m&#xFA;sica, Jorge Mu&#xF1;iz ; texto, Antonio Gamoneda ; textos sobre odas y canciones, Mar&#xED;a Sanhuesa Fonseca ; &#xD3;liver D&#xED;az, direcci&#xF3;n musical. Canciones de su tiempo / Blas de Laserna ... [et al.]</subfield>
  </datafield>
  <datafield tag="246" ind1="1" ind2="2">
    <subfield code="a">Canciones de su tiempo</subfield>
  </datafield>
  <datafield tag="260" ind1=" " ind2=" ">
    <subfield code="a">[Madrid] : </subfield>
    <subfield code="b">Andante Producciones Culturales, </subfield>
    <subfield code="c">D.L. 2012.</subfield>
  </datafield>
  <datafield tag="300" ind1=" " ind2=" ">
    <subfield code="a">1 CD+DVD + </subfield>
    <subfield code="e">1 libro (46 p&#xE1;ginas : ilustrado a color)</subfield>
  </datafield>
  <datafield tag="336" ind1=" " ind2=" ">
    <subfield code="a">M&#xFA;sica (interpretada)</subfield>
    <subfield code="2">isbdcontent</subfield>
  </datafield>
  <datafield tag="336" ind1=" " ind2=" ">
    <subfield code="a">Texto (visual)</subfield>
    <subfield code="2">isbdcontent</subfield>
  </datafield>
  <datafield tag="336" ind1=" " ind2=" ">
    <subfield code="a">Imagen (en movimiento ; bidimensional)</subfield>
    <subfield code="2">isbdcontent</subfield>
  </datafield>
  <datafield tag="337" ind1=" " ind2=" ">
    <subfield code="a">audio</subfield>
    <subfield code="2">isbdmedia</subfield>
  </datafield>
  <datafield tag="337" ind1=" " ind2=" ">
    <subfield code="a">sin mediaci&#xF3;n</subfield>
    <subfield code="2">isbdmedia</subfield>
  </datafield>
  <datafield tag="338" ind1=" " ind2=" ">
    <subfield code="2">rdacarrier</subfield>
    <subfield code="a">volumen</subfield>
  </datafield>
  <datafield tag="500" ind1=" " ind2=" ">
    <subfield code="a">El libro contiene biograf&#xED;as del compositor y su obra, del escritor Gamoneda y de los int&#xE9;rpretes. El libro es un homenaje a Jovellanos en el  bicentenario de su muerte. Contiene adem&#xE1;s la letra de la cantata y de las canciones</subfield>
  </datafield>
  <datafield tag="505" ind1="0" ind2=" ">
    <subfield code="a">Oda a Jovellanos : cantata / Jorge Mu&#xF1;iz -- Canciones de su tiempo: El tr&#xED;pili tr&#xE1;pala / Blas de Laserna. Iba un triste calesero-- / Pablo del Moral. Venid pajaritos ; La flor del Zurgu&#xE9;n ; Parad avecillas / Manuel Garc&#xED;a. Las mujeres del d&#xED;a / Jos&#xE9; Rodr&#xED;guez de Le&#xF3;n. Es el amor un ciego / Narciso Paz. El prop&#xF3;sito in&#xFA;til ; El sue&#xF1;o de mi amor ; Yo las falacias ; El pescador ; Cuando al campo salgo ; Delio a la ausencia de su amada Nise / Mariano Rodr&#xED;guez de Ledesma</subfield>
  </datafield>
  <datafield tag="511" ind1="1" ind2=" ">
    <subfield code="a">Joaqu&#xED;n Pix&#xE1;n, tenor ; Mario Bernardo, piano ; Pablo Men&#xE9;ndez, guitarra ; David Cervera, bajo ; Coro de la Fundaci&#xF3;n Pr&#xED;ncipe de Asturias ; Orquesta Sinf&#xF3;nica del Principado de Asturias ; director, Jos&#xE9; Esteban Miranda</subfield>
  </datafield>
  <datafield tag="518" ind1=" " ind2=" ">
    <subfield code="a">Grabado en el Auditorio Palacio de Congresos Pr&#xED;ncipe Felipe de Oviedo entre junio y julio de 2011</subfield>
  </datafield>
  <datafield tag="600" ind1=" " ind2="0">
    <subfield code="a">Jovellanos, Gaspar Melchor de, </subfield>
    <subfield code="d">1744-1811- </subfield>
    <subfield code="v">Homenajes</subfield>
    <subfield code="2">embne</subfield>
    <subfield code="9">241331</subfield>
  </datafield>
  <datafield tag="650" ind1=" " ind2="0">
    <subfield code="a">Canciones (Tenor) con orquesta</subfield>
    <subfield code="2">embne</subfield>
    <subfield code="9">241332</subfield>
  </datafield>
  <datafield tag="650" ind1=" " ind2="0">
    <subfield code="a">Cantatas profanas para solista (Tenor) con piano y bajo continuo</subfield>
    <subfield code="2">embne</subfield>
    <subfield code="9">241333</subfield>
  </datafield>
  <datafield tag="650" ind1=" " ind2="0">
    <subfield code="a">Coros profanos (Voces mixtas) con orquesta</subfield>
    <subfield code="2">embne</subfield>
    <subfield code="9">241334</subfield>
  </datafield>
  <datafield tag="700" ind1="1" ind2=" ">
    <subfield code="a">Gamoneda, Antonio,</subfield>
    <subfield code="d">1931-</subfield>
    <subfield code="9">53807</subfield>
  </datafield>
  <datafield tag="700" ind1="1" ind2=" ">
    <subfield code="a">Pix&#xE1;n, Joaqu&#xED;n, </subfield>
    <subfield code="d">1950-</subfield>
    <subfield code="9">241309</subfield>
  </datafield>
  <datafield tag="700" ind1="1" ind2=" ">
    <subfield code="a">D&#xED;az, &#xD3;liver, </subfield>
    <subfield code="d">1972-</subfield>
    <subfield code="9">241336</subfield>
  </datafield>
  <datafield tag="700" ind1="1" ind2=" ">
    <subfield code="a">Esteban Miranda, Jos&#xE9;</subfield>
    <subfield code="9">241337</subfield>
  </datafield>
  <datafield tag="700" ind1="1" ind2=" ">
    <subfield code="a">Sanhuesa Fonseca, Mar&#xED;a</subfield>
    <subfield code="9">241338</subfield>
  </datafield>
  <datafield tag="710" ind1="2" ind2=" ">
    <subfield code="a">Coro de la Fundaci&#xF3;n "Pr&#xED;ncipe de Asturias"</subfield>
    <subfield code="9">241339</subfield>
  </datafield>
  <datafield tag="710" ind1="2" ind2=" ">
    <subfield code="a">Orquesta Sinf&#xF3;nica del Principado de Asturias</subfield>
    <subfield code="9">241340</subfield>
  </datafield>
  <datafield tag="852" ind1=" " ind2=" ">
    <subfield code="a">ES-MaACL</subfield>
    <subfield code="c">DEPOJ</subfield>
    <subfield code="j">N-10610</subfield>
    <subfield code="x">Encuadernaci&#xF3;n carton&#xE9;</subfield>
    <subfield code="h">Donaci&#xF3;n: Editorial</subfield>
    <subfield code="9">206733</subfield>
  </datafield>
  <datafield tag="942" ind1=" " ind2=" ">
    <subfield code="c">DVD</subfield>
    <subfield code="n">0</subfield>
  </datafield>
  <datafield tag="999" ind1=" " ind2=" ">
    <subfield code="c">197751</subfield>
    <subfield code="d">197751</subfield>
  </datafield>
  <datafield tag="952" ind1=" " ind2=" ">
    <subfield code="0">0</subfield>
    <subfield code="1">0</subfield>
    <subfield code="2">udc</subfield>
    <subfield code="4">0</subfield>
    <subfield code="7">0</subfield>
    <subfield code="a">ATENEOM</subfield>
    <subfield code="b">ATENEOM</subfield>
    <subfield code="c">DEPOJ</subfield>
    <subfield code="d">2025-08-30</subfield>
    <subfield code="e">DONACION</subfield>
    <subfield code="l">0</subfield>
    <subfield code="o">N-10610</subfield>
    <subfield code="p">2025-1109</subfield>
    <subfield code="r">2025-08-30 00:00:00</subfield>
    <subfield code="w">2025-08-30</subfield>
    <subfield code="y">DVD</subfield>
  </datafield>
</record>
